000 00531nam a22001817a 4500
003 SISC
005 20160216093622.0
008 130301t xxu||||| |||| 00| 0 eng d
020 _a9717472068
050 _aQH 541
_b.H182 2001
082 _aHS 574.5
_bH15 2001
100 _aHallare, Arnold V.
_916098
245 _aGeneral ecology :
_cHallare, Arnold V.
_bconcepts and selected laboratory exercises /
260 _aManila :
_bBusybook Distributors,
_cc2001.
300 _a151 p. :
_c22 cm.
942 _2lcc
_cBK
999 _c10149
_d10149